| 000 | 00685cam a22002297a 4500 | ||
|---|---|---|---|
| 020 | _a9251053286 (v.1) | ||
| 020 | _a9251053294 (v.2) | ||
| 040 | _cUAB | ||
| 082 | 0 | 0 | _a632 FOO 2005 A091 Or. |
| 100 | 1 | _aSnyder, R. L. | |
| 245 | 1 | 0 |
_aFrost protection : _bfundamentals, practice and economics / |
| 260 |
_aRome : _bFood and Agriculture Organization of the United Nations, _c2005. |
||
| 300 |
_a2 v. : _bill. ; _c25 cm. + _e1 CD-ROM (4 3/4 in.) |
||
| 500 | _aErrata slip inserted. | ||
| 500 | _aVolume 1 lacks CD-ROM. | ||
| 650 | 0 | _aFrost. | |
| 650 | 0 | _aCrops and climate. | |
| 650 | 0 | _aPlants | |
| 650 | 0 | _aBioclimatology. | |
| 700 | 1 | _aMelo-Abreu, J. Paulo de. | |
| 942 | _cEK | ||
| 999 |
_c15512 _d15512 |
||